000 01326nam a22003497a 4500
003 CHAP
005 20220329135345.0
008 971013s1994 r 00010 d
010 _a34980
011 _a35952
035 _a40070
040 _cCHAP
090 _aFolleto 14438
100 0 0 _aGutiérrez Morales, Antonio.
_951767
245 _aGuía para cultivar sorgo forrajero en la zona sur del Estado de México
260 _aMetepec, Méx. :
_bInstituto de Investigación y Capacitación Agropecuaria, Acuícola y Forestal del Estado de México. Centro de Investigación y Capacitación Pecuaria,
_c1994
300 _a9 p.
490 _aICAMEX. Folleto de producción
_v; 2
590 _aBATCH-UPD
_b10
_c20130110
_lUCH01
_h0054
590 _aBATCH-UPD
_b10
_c20130110
_lUCH01
_h1244
590 _aBATCH-UPD
_b10
_c20130409
_lUCH01
_h2042
590 _aBATCH-UPD
_b10
_c20130410
_lUCH01
_h0809
590 _aBATCH-UPD
_b10
_c20130914
_lUCH01
_h1557
590 _aCONVERSION
_b10
_c20130109
_lUCH01
_h1320
650 1 4 _aSorgo como forraje.
_9108743
650 1 4 _aSorgo
_zMéxico (Edo.).
_9108740
830 0 _aICAMEX. Folleto de producción
_v; 2
_957256
901 _aBK
942 _cFOLL
949 _aFolleto 14438
_bBC
_cFOLL
_d-91546
_eTS1
_i40070
_mD.
_si
949 _aFolleto 14438
_bBC
_cFOLL
_d-91547
_eTS2
_fc.2
_i40070
_mD.
_si
999 _c34980
_d34980